Statistiques concernant Mars

Cliquez ici pour prendre le quiz!

Statistiques générales

  • Ce quiz a été pris 63 fois
  • Le résultat moyen est 7 sur 11

Statistiques - réponses

QuestionsRéponses% Correct
À l’origine, dans le calendrier romain, mars était le _________ mois de l’annéePremier
100%
Dans les calendriers grégoriens et julien mars est le ______ mois de l’année.Troisième
100%
Il y a __ jours dans le mois de mars.31
98%
Le nom du mois provient du dieu romain de la guerre: _____. Ce nom a été donné car le retour au printemps marque le début de la guerre.Mars | Martius
93%
Le 20 ou 21 mars débute le _________.Printemps
93%
Lors du dernier dimanche de mars, il y a le ___________ d’heure.Changement
90%
Le ______ est la couleur du mois de marsJaune
64%
Le dicton du mois de mars est « Quand mars se déguise en été, _____ prend ses habits fourrés ».Avril
44%
L’______-________ et le jaspe sanguin sontles pierres associées au mois de mars.Aigue-marine
19%
Pour les catholiques, le mois de mars est le mois de Saint ________.Joseph
14%
Le ________ est la fleur associée au mois de marsNarcisse
8%

Distribution des résultats

Percentile par nombre de réponses

% des personnes avec chaque résultat

Votre développement - résultats

Vous n’avez pas pris ce quiz